Angelte tuallenna gam (Record no. 7589)

MARC details
000 -LEADER
fixed length control field 00322nam a22001457a 4500
003 - CONTROL NUMBER IDENTIFIER
control field GBCCL
005 - DATE AND TIME OF LATEST TRANSACTION
control field 20241126110632.0
008 - FIXED-LENGTH DATA ELEMENTS--GENERAL INFORMATION
fixed length control field 180821b ||||| |||| 00| 0 eng d
040 ## - CATALOGING SOURCE
Transcribing agency gbc
082 ## - DEWEY DECIMAL CLASSIFICATION NUMBER
Classification number VER 236.24
Item number LAL
100 ## - MAIN ENTRY--PERSONAL NAME
Personal name Lalkhumi
9 (RLIN) 13400
245 ## - TITLE STATEMENT
Title Angelte tuallenna gam
300 ## - PHYSICAL DESCRIPTION
Extent 108p ;
942 ## - ADDED ENTRY ELEMENTS (KOHA)
Source of classification or shelving scheme Dewey Decimal Classification
Koha item type Books
Holdings
Withdrawn status Lost status Source of classification or shelving scheme Damaged status Not for loan Home library Current Library Shelving location Date acquired Total checkouts Full call number Barcode Date last seen Copy number Price effective from Koha item type
    Dewey Decimal Classification     GRACE BIBLE COLLEGE GRACE BIBLE COLLEGE Vernacular 2018-08-28   VER 236.24 LAL 003112 2025-05-01 c.1 2018-08-28 Books
© Grace Bible College Library 2025